000
00334nam a2200133Ia 4500
008
220204s9999 xx 000 0 und d
082
_a
582.4
_b
RAD
100
_a
Radford, Albert E
245
0
_a
Vascular plant systematics
260
_a
New York
_b
Harper & Row
_c
1974
650
_a
Floristics
650
_a
Vascular plant
942
_c
BK
999
_c
24042
_d
24042